1794 1761 1211 1807 1687 1816 1989 1200 1615 1074 1228 1977 1497 1066 1960 1812 1265 1703 1157 1370 1914 1070 1078 1605 1131 1208 1341 1477 1475 1039 1418 1187 1424 1160 1399 1425 1716 1216 1767 1487 1501 1256 1881 1680 1277 1791 1570 1379 1868 1576 1070 1581 1496 1581 1619 1160 1764 1963 1149 1000 1361 1122 1769 1926 1041 1904 1502 1898 1282 1261 1546 1020 1839 1955 1625 1415 1747 1917 1038 1152 1343 1192 1541 1845 1568 1723 1528 1423 1727 1354 1333 1337 1306 1596 1095 1425 1805 1285 1707 BCNSPRNW ULIB Ver.6.0+V

เปลี่ยนเป็นภาษาไทย

Change to English
 แสดงรายละเอียดบรรณานุกรม
  กลับหน้าหลัก

Brief Record : Get Marc (ISO 2709) : E-mail record : QR code < ปิดหน้าต่าง
LEADER : 00000nam 2200000uu 4500
001    13399112257
003     ULIB
008    110802s2554||||th 000 0 tha d
020    9786167386349
024    9786167386349
090    นว.^bก831ห
100 0  9law9, อุมารินทร์, บุรามฉัตร, พรรษ, Wanchaya และมิลัน
245 00 หวานนักรักนี้ = Sweetest Love/^c9law9, อุมารินทร์, บุรามฉัตร, พรรษ, Wanchaya และมิลัน
260    นนทบุรี:^bบีไมน์, ^c2554.
300    365 หน้า
945    ^p235^l0^i18473
995    เกษร
999 ^a ใช้งานได้ทุกระบบ
รายการนี้ยังไม่มีแท็ก
คุณยังไม่ได้ล็อกอิน คุณสามารถมีกิจกรรมร่วมกับเว็บไซต์ได้ แต่ต้องล็อกอินก่อน ::
  ล็อกอิน

รายการสื่อสารสนเทศ

ลำดับที่ ประเภท เลขเรียก/บาร์โค้ด สถานที่ สถานะ
1. นวนิยาย
นวนิยาย
นว. ก831ห  
  Barcode: 18473
ห้องสมุดวิทยาเขตสวรรค์ประชารักษ์
►นวนิยาย
บนชั้น
  ขอยืม

BibComment


ยังไม่เคยถูกคอมเมนท์

คอมเมนท์ทรัพยากรรายการนี้
  คอมเมนท์: หวานนักรักนี้ Sw..


 Copyright 2026. Bcnsprnw @Library